[Event "Open Ricany 2013"]
[Site "Turnaj A"]
[Date "2013.08.28"]
[Round "6.17"]
[White "Kotzot, Jiri ss"]
[Black "Hadrava, Jaroslav"]
[Result "1/2-1/2"]
[WhiteElo "2194"]
[BlackElo "1915"]
[PlyCount "115"]
[EventDate "2013.08.28"]

1. e4 e5 2. Nf3 Nc6 3. Bb5 Nf6 4. O-O Nxe4 5. Re1 Nd6 6. Bxc6 dxc6 7. Nxe5 Be7
8. d4 O-O 9. Nd2 Bf6 10. Ndf3 Be6 11. c3 Nc4 12. b3 Nxe5 13. dxe5 Qxd1 14. Rxd1
Be7 15. h3 Rad8 16. Be3 c5 17. Bg5 f6 18. exf6 gxf6 19. Bh6 Rxd1+ 20. Rxd1 Rd8
21. Rxd8+ Bxd8 22. Bf4 a5 23. Kf1 Kf7 24. Nd2 c6 25. Bd6 b6 26. Ke2 Bf5 27. Ke3
Ke6 28. Bb8 Bc2 29. f4 b5 30. g4 Bb6 31. f5+ Ke7 32. c4 a4 33. bxa4 Bxa4 34.
Kd3 Bd1 35. Ne4 bxc4+ 36. Kxc4 Be2+ 37. Kc3 Ba5+ 38. Kc2 c4 39. Nf2 h5 40. gxh5
Bxh5 41. Ng4 Bf7 42. Ba7 Bd5 43. Bd4 Be4+ 44. Kc1 Bxf5 45. Bxf6+ Kf7 46. Bd4
Ke6 47. Ne3 Bxh3 48. Nxc4 Bb4 49. Ne3 c5 50. Bb2 Kd6 51. a3 Be1 52. Kc2 Be6 53.
Bc3 Bf2 54. Nd1 Bg3 55. Bg7 Kc6 56. Bf6 Be1 57. Bc3 Bg3 58. Bf6 1/2-1/2

[Event "Open Ricany 2013"]
[Site "Turnaj A"]
[Date "2013.08.28"]
[Round "6.18"]
[White "Kohout, Vratislav"]
[Black "Jandl, Vojtech"]
[Result "0-1"]
[WhiteElo "2112"]
[BlackElo "1824"]
[PlyCount "96"]
[EventDate "2013.08.28"]

1. d4 d5 2. Nf3 Nf6 3. c4 e6 4. g3 Be7 5. Bg2 O-O 6. O-O dxc4 7. Qc2 a6 8. Qxc4
b5 9. Qc2 Bb7 10. Nbd2 Nc6 11. Nb3 Nb4 12. Qd1 Rc8 13. a3 Nbd5 14. Nc5 Bxc5 15.
dxc5 Ne7 16. Qc2 Be4 17. Qc3 Nc6 18. Bg5 Nd5 19. Qc1 f6 20. Bd2 Qe7 21. b4 e5
22. Qb2 Rfd8 23. Rfd1 Bxf3 24. exf3 Nd4 25. Be3 Nf5 26. Qb3 Qf7 27. Bh3 Nde7
28. Qc2 g6 29. Rd2 c6 30. Rad1 Rd5 31. Rxd5 cxd5 32. a4 d4 33. Bd2 Qc4 34. Rc1
Qd5 35. axb5 axb5 36. Bg2 d3 37. Qd1 Nd4 38. Ra1 Nec6 39. Kf1 Nb3 40. f4 e4 41.
Ra3 Nxd2+ 42. Qxd2 Qc4 43. f3 f5 44. fxe4 fxe4 45. Qa2 Nxb4 46. Qxc4+ bxc4 47.
Bxe4 Rxc5 48. Rc3 Nd5 0-1

[Event "Open Ricany 2013"]
[Site "Turnaj A"]
[Date "2013.08.28"]
[Round "6.20"]
[White "Kindl, Frantisek"]
[Black "Janacek, Jaroslav"]
[Result "0-1"]
[WhiteElo "1922"]
[BlackElo "2038"]
[PlyCount "70"]
[EventDate "2013.08.28"]

1. Nf3 d6 2. c4 e5 3. Nc3 f5 4. d3 Nf6 5. g3 Be7 6. Qb3 Nbd7 7. Bg2 Nc5 8. Qc2
a5 9. a3 a4 10. Be3 Nb3 11. Rd1 Bd7 12. Nd2 Ng4 13. Nxb3 Nxe3 14. fxe3 axb3 15.
Qxb3 Bg5 16. d4 e4 17. Nb5 O-O 18. O-O Kh8 19. Kf2 h5 20. Ke1 b6 21. Kd2 Ra5
22. Qc3 d5 23. b4 Ra8 24. Ra1 c5 25. h4 Bxb5 26. cxb5 cxd4 27. Qc6 Bxe3+ 28.
Ke1 Rf6 29. Qb7 Rb8 30. Qa7 Rc8 31. Bh3 Rc7 32. Qa4 g6 33. Rh1 Qd6 34. Kd1 Rf8
35. Rf1 Rfc8 0-1

[Event "Open Ricany 2013"]
[Site "Turnaj A"]
[Date "2013.08.28"]
[Round "6.21"]
[White "Berg, Antonin"]
[Black "Vavrinec, Tomas"]
[Result "0-1"]
[WhiteElo "1826"]
[BlackElo "2015"]
[PlyCount "84"]
[EventDate "2013.08.28"]

1. e4 e6 2. d4 d5 3. Nd2 Be7 4. Bd3 c5 5. dxc5 Nf6 6. exd5 Qxd5 7. Ngf3 O-O 8.
Qe2 Qxc5 9. Ne4 Qb6 10. Be3 Qc7 11. O-O Nxe4 12. Bxe4 Nc6 13. Rad1 Kh8 14. Nd4
Nxd4 15. Bxd4 f5 16. Bd3 Bd6 17. g3 e5 18. Bc3 Be6 19. Rfe1 e4 20. Qd2 Rad8 21.
Qg5 Be5 22. Bxe5 Qxe5 23. b3 Qc7 24. Bc4 Bxc4 25. bxc4 h6 26. Qe3 b6 27. Qb3
Rxd1 28. Rxd1 Rc8 29. Rd4 Qc5 30. Qc3 Rc7 31. Qd2 Qe5 32. c3 Qc5 33. Qf4 g5 34.
Qd2 Qe7 35. Rd8+ Kh7 36. Qd4 Qg7 37. Qd5 Qf7 38. Qe5 Re7 39. Rh8+ Kg6 40. Qb8
Kh5 41. Rf8 Qe6 42. h3 e3 0-1

[Event "Open Ricany 2013"]
[Site "Turnaj A"]
[Date "2013.08.28"]
[Round "6.22"]
[White "Konvalinka, Vladislav"]
[Black "Dungl, Martin"]
[Result "0-1"]
[WhiteElo "1886"]
[BlackElo "2075"]
[PlyCount "115"]
[EventDate "2013.08.28"]

1. d4 Nf6 2. c4 e6 3. g3 Bb4+ 4. Bd2 Qe7 5. Bg2 Nc6 6. a3 Bxd2+ 7. Qxd2 a5 8.
Nc3 d6 9. Nf3 O-O 10. O-O Rd8 11. Qc2 e5 12. e3 Bg4 13. d5 Nb8 14. Rac1 Na6 15.
Nd2 Nc5 16. Nb3 Nxb3 17. Qxb3 Nd7 18. e4 Nc5 19. Qc2 a4 20. f3 Bd7 21. Rce1 Rf8
22. f4 exf4 23. Rxf4 Qe5 24. Qd1 Rae8 25. Rh4 g5 26. Rh5 Qg7 27. Qd2 Re5 28. h4
f6 29. hxg5 fxg5 30. Nd1 Be8 31. Rh2 Bg6 32. Nf2 h5 33. Qd4 Qf6 34. Bh1 Rxe4
35. Rxe4 Nxe4 36. Qxf6 Nxf6 37. Nh3 Ng4 38. Re2 Bd3 39. Re1 Rf5 40. Be4 Re5 41.
Nxg5 Nf6 42. Bxd3 Rxe1+ 43. Kf2 Rd1 44. Ke2 Rh1 45. Ne6 Rh2+ 46. Kf3 Rxb2 47.
Nxc7 Rb3 48. Ke2 Rxa3 49. Nb5 Ra2+ 50. Kd1 Ng4 51. Bg6 Rh2 52. Nxd6 a3 53. Bb1
a2 54. Bxa2 Rxa2 55. Nxb7 Ne3+ 56. Ke1 Nxc4 57. d6 Ne5 58. Nc5 0-1

[Event "Open Ricany 2013"]
[Site "Turnaj A"]
[Date "2013.08.28"]
[Round "6.23"]
[White "Misicko, Jan ss"]
[Black "Trochta, Vojtech"]
[Result "1-0"]
[WhiteElo "2074"]
[BlackElo "1724"]
[PlyCount "87"]
[EventDate "2013.08.28"]

1. c4 Nf6 2. g3 g6 3. Bg2 Bg7 4. Nc3 c5 5. e4 Nc6 6. Nge2 O-O 7. O-O d6 8. d3
Bd7 9. h3 Qc8 10. Kh2 Rb8 11. f4 a6 12. g4 b5 13. Ng3 bxc4 14. dxc4 Rb4 15. g5
Ne8 16. Nd5 Rb8 17. Rb1 e6 18. Ne3 Nb4 19. a3 Nc6 20. b3 Nd4 21. Ne2 Ba4 22.
Nxd4 Bxd4 23. Qd3 Qb7 24. b4 Bc6 25. Bd2 Qa8 26. Bc3 f5 27. Bxd4 fxe4 28. Qd2
cxd4 29. Qxd4 Ng7 30. Qxd6 Rbd8 31. Qe5 Rd2 32. Kg1 Qa7 33. c5 Rd3 34. Rbe1 Qe7
35. Ng4 Rfd8 36. Nf6+ Kf8 37. Nxh7+ Kg8 38. Nf6+ Kf8 39. Nxe4 Qf7 40. Rf2 Nf5
41. Qh8+ Ke7 42. Qf6+ Qxf6 43. gxf6+ Kf7 44. Ng5+ 1-0

[Event "Open Ricany 2013"]
[Site "Turnaj A"]
[Date "2013.08.28"]
[Round "6.24"]
[White "Havlik, Frantisek"]
[Black "Krejci, Martin"]
[Result "1-0"]
[WhiteElo "1986"]
[BlackElo "2005"]
[PlyCount "69"]
[EventDate "2013.08.28"]

1. e4 c5 2. Nf3 d6 3. c3 Nf6 4. Bb5+ Nbd7 5. Qe2 e6 6. d4 cxd4 7. cxd4 Be7 8.
Nc3 O-O 9. O-O a6 10. Bd3 b5 11. e5 Nd5 12. Nxd5 exd5 13. Bf4 Nb6 14. Rac1 Bg4
15. Rfe1 Ra7 16. b3 dxe5 17. dxe5 Bb4 18. Red1 Re8 19. Qe3 d4 20. Qe4 f5 21.
Qc6 Nd5 22. Bg5 Qd7 23. e6 Qxc6 24. Rxc6 Bxf3 25. gxf3 Nc3 26. Re1 Nd5 27. Re5
Ne7 28. Rc2 Bc3 29. Rce2 g6 30. Bf6 Rc7 31. a4 bxa4 32. bxa4 Ra7 33. Rc5 Kf8
34. h4 Rc8 35. Bxe7+ 1-0

[Event "Open Ricany 2013"]
[Site "Turnaj A"]
[Date "2013.08.28"]
[Round "6.25"]
[White "Marsalek, Lubos"]
[Black "Plchot, Miroslav"]
[Result "1/2-1/2"]
[WhiteElo "1997"]
[BlackElo "1887"]
[PlyCount "52"]
[EventDate "2013.08.28"]

1. Nf3 g6 2. c4 Bg7 3. Nc3 c5 4. b3 Nc6 5. Bb2 Nf6 6. e3 O-O 7. d4 cxd4 8. Nxd4
d6 9. Be2 Qb6 10. Nxc6 bxc6 11. Bf3 Bb7 12. O-O Rfd8 13. Na4 Qc7 14. Qc2 c5 15.
Bxb7 Qxb7 16. Nc3 Ne8 17. Rfd1 Nc7 18. Rd2 Na6 19. Nd5 Nb4 20. Qe4 Nxd5 21.
Qxd5 Qxd5 22. cxd5 a5 23. Rc1 Bxb2 24. Rxb2 Rdb8 25. Rc4 Rb7 26. Ra4 Kg7
1/2-1/2

[Event "Open Ricany 2013"]
[Site "Turnaj A"]
[Date "2013.08.28"]
[Round "6.26"]
[White "Rihova, Kamila"]
[Black "Koper, Stefan"]
[Result "0-1"]
[WhiteElo "1687"]
[BlackElo "1992"]
[PlyCount "64"]
[EventDate "2013.08.28"]

1. e4 g6 2. d4 Bg7 3. c3 d5 4. Bd3 dxe4 5. Bxe4 c6 6. Bf4 Nf6 7. Bd3 O-O 8. h3
Nbd7 9. Nf3 b6 10. O-O c5 11. dxc5 Nxc5 12. Bc2 Bb7 13. Nbd2 Nd3 14. Bxd3 Qxd3
15. Ne5 Qf5 16. Bg3 Rad8 17. Qc1 Rxd2 18. Qxd2 Ne4 19. Qf4 Nxg3 20. Qxf5 Nxf5
21. Nc4 Ba6 22. b3 Bxc4 23. bxc4 Bxc3 24. Rac1 Bd4 25. Rfd1 e5 26. Rd2 f6 27.
a4 a5 28. Rdc2 Rc8 29. Kf1 Kf7 30. Rd1 Ke6 31. Ke2 Bc5 32. Rcd2 Nd4+ 0-1

[Event "Open Ricany 2013"]
[Site "Turnaj A"]
[Date "2013.08.28"]
[Round "6.27"]
[White "Brcak, Marek"]
[Black "Stork, Rostislav"]
[Result "1-0"]
[WhiteElo "1902"]
[BlackElo "1814"]
[PlyCount "51"]
[EventDate "2013.08.28"]

1. e4 e5 2. Nf3 Nf6 3. Nxe5 d6 4. Nf3 Nxe4 5. Nc3 Nxc3 6. dxc3 Be7 7. Bf4 Nc6
8. Qd2 Be6 9. O-O-O Qd7 10. Kb1 O-O 11. Bd3 Rfb8 12. h4 b5 13. Ng5 Bf5 14. g4
Bxg4 15. Bxh7+ Kf8 16. Qd5 Bf6 17. Rdg1 b4 18. Rxg4 bxc3 19. b3 Nb4 20. Qf5 Qe8
21. Ne4 Bd4 22. Nxd6 Qe7 23. Nxf7 Qxf7 24. Qxf7+ Kxf7 25. Bxc7 Rf8 26. Rxd4 1-0

[Event "Open Ricany 2013"]
[Site "Turnaj A"]
[Date "2013.08.28"]
[Round "6.28"]
[White "Mihal, Sergej"]
[Black "Postupa, Pavel Sr ss"]
[Result "0-1"]
[WhiteElo "1771"]
[BlackElo "2017"]
[PlyCount "96"]
[EventDate "2013.08.28"]

1. e4 c5 2. g3 d5 3. exd5 Qxd5 4. Qf3 Qe5+ 5. Qe3 Nc6 6. Bg2 Qxe3+ 7. dxe3 Nb4
8. Na3 e6 9. Nb5 Kd8 10. Na3 Ne7 11. Bd2 Nec6 12. O-O-O Bd7 13. Bxb4 cxb4 14.
Bxc6 bxc6 15. Nc4 Kc7 16. Ne5 Be8 17. Nc4 f6 18. f3 e5 19. e4 Bf7 20. b3 a5 21.
Nb2 Bc5 22. Rd3 a4 23. Nxa4 Rxa4 24. bxa4 Bxa2 25. Nh3 Bc4 26. Kb2 Ra8 27. Rd2
Be3 28. Rhd1 Bxd2 29. Rxd2 Rxa4 30. Nf2 Ra2+ 31. Kc1 c5 32. c3 Ra1+ 33. Kb2 Ra6
34. cxb4 cxb4 35. Rc2 Ra2+ 36. Kb1 Rxc2 37. Kxc2 Kd6 38. Kd2 Kc5 39. Nd1 Kd4
40. Ne3 Be6 41. Nd1 Kc4 42. Kc2 b3+ 43. Kd2 Kb4 44. f4 Bg4 45. Nb2 Ka3 46. Kc3
Be2 47. fxe5 fxe5 48. h3 h5 0-1

[Event "Open Ricany 2013"]
[Site "Turnaj A"]
[Date "2013.08.28"]
[Round "6.29"]
[White "Skvaril, Michal"]
[Black "Paukert, Jan"]
[Result "1/2-1/2"]
[WhiteElo "1708"]
[BlackElo "1900"]
[PlyCount "120"]
[EventDate "2013.08.28"]

1. e4 c5 2. Nf3 Nc6 3. d4 cxd4 4. Nxd4 Nf6 5. Nc3 e5 6. Ndb5 d6 7. Bg5 a6 8.
Na3 b5 9. Nd5 Be7 10. Bxf6 Bxf6 11. Nxf6+ gxf6 12. Bd3 d5 13. exd5 Qxd5 14. Be2
Nd4 15. f3 Qc5 16. c3 Nf5 17. Nc2 Be6 18. Qd3 Rd8 19. Qe4 a5 20. a4 Nd6 21. Qe3
Qxe3 22. Nxe3 Nc4 23. Nc2 bxa4 24. Rxa4 Nxb2 25. Rxa5 O-O 26. Ne3 Nd3+ 27. Bxd3
Rxd3 28. Kf2 Rxc3 29. Rha1 Rd8 30. R5a3 Rxa3 31. Rxa3 h5 32. g4 hxg4 33. fxg4
Kg7 34. Kg3 Kg6 35. h4 f5 36. gxf5+ Bxf5 37. h5+ Kg5 38. Ra7 Be6 39. h6 Kxh6
40. Kf3 Kg5 41. Ke4 Kf6 42. Ra4 Rh8 43. Kf3 Rh3+ 44. Kf2 Kg5 45. Ra5 f6 46. Ra7
Kf4 47. Ng2+ Ke4 48. Ra4+ Kf5 49. Ne3+ Kg5 50. Ra7 f5 51. Ra6 Bf7 52. Ra5 Kf4
53. Ng2+ Ke4 54. Ra4+ Kd5 55. Ne3+ Rxe3 56. Kxe3 Be8 57. Ra5+ Ke6 58. Ra6+ Kf7
59. Ra5 Kf6 60. Ra6+ Kg5 1/2-1/2

[Event "Open Ricany 2013"]
[Site "Turnaj A"]
[Date "2013.08.28"]
[Round "6.30"]
[White "Sochor, Martin"]
[Black "Hlina, Milos"]
[Result "1-0"]
[WhiteElo "1885"]
[BlackElo "1862"]
[PlyCount "57"]
[EventDate "2013.08.28"]

1. e4 e6 2. d4 d5 3. Nd2 Nf6 4. e5 Nfd7 5. Bd3 c5 6. c3 Nc6 7. Ne2 Qb6 8. Nf3
cxd4 9. cxd4 Bb4+ 10. Bd2 Bxd2+ 11. Qxd2 Qb4 12. Rc1 a6 13. a3 Qxd2+ 14. Nxd2
f6 15. f4 Kf7 16. O-O h6 17. b4 Rd8 18. Nb3 Kg8 19. Nc3 fxe5 20. fxe5 Ndxe5 21.
dxe5 Nxe5 22. Be2 d4 23. Ne4 b5 24. Rc7 d3 25. Bd1 Nc4 26. Rff7 Rf8 27. Rxg7+
Kh8 28. Rh7+ Kg8 29. Rcg7# 1-0

[Event "Open Ricany 2013"]
[Site "Turnaj A"]
[Date "2013.08.28"]
[Round "6.31"]
[White "Svoboda, Jaroslav"]
[Black "Havelka, Petr"]
[Result "1/2-1/2"]
[WhiteElo "1557"]
[BlackElo "1865"]
[PlyCount "38"]
[EventDate "2013.08.28"]

1. e4 d5 2. exd5 Qxd5 3. Nc3 Qa5 4. d4 Nf6 5. Nf3 Bf5 6. Bd2 c6 7. Bc4 e6 8.
O-O Bb4 9. a3 Bxc3 10. Bxc3 Qc7 11. Re1 O-O 12. h3 Nbd7 13. Qe2 Nd5 14. Bd2 Nf4
15. Bxf4 Qxf4 16. Rad1 Rad8 17. Bb3 Nf6 18. c3 h5 19. Bc2 Bxc2 1/2-1/2

[Event "Open Ricany 2013"]
[Site "Turnaj A"]
[Date "2013.08.28"]
[Round "6.32"]
[White "Hanl, Frantisek ss"]
[Black "Sadil, Jan ss"]
[Result "1-0"]
[WhiteElo "1964"]
[BlackElo "1630"]
[PlyCount "91"]
[EventDate "2013.08.28"]

1. e4 e5 2. Nc3 Nf6 3. Bc4 Bc5 4. d3 h6 5. Nge2 O-O 6. O-O Nc6 7. a3 d6 8. Na4
Bb6 9. Nxb6 axb6 10. f4 Be6 11. Bxe6 fxe6 12. Ng3 exf4 13. Bxf4 Qd7 14. c3 Rf7
15. Qd2 Kh7 16. d4 Raf8 17. Qc2 Kg8 18. Bd2 Ng4 19. Rxf7 Rxf7 20. h3 Nf6 21.
Re1 Qe7 22. Qa4 Na5 23. b4 Nc4 24. Bc1 Qe8 25. b5 Na5 26. Bd2 Qa8 27. c4 Rf8
28. e5 dxe5 29. Rxe5 Qd8 30. Ne2 Qd7 31. Bc3 Re8 32. Nf4 Kf7 33. Kh1 Kg8 34. c5
g5 35. cxb6 cxb6 36. Ne2 Nd5 37. Bxa5 bxa5 38. Qxa5 Rf8 39. a4 b6 40. Qd2 Rf1+
41. Kh2 Rf2 42. Qd3 Qf7 43. Qe4 Kg7 44. Rxe6 Rxe2 45. Qxe2 Nf4 46. Qe5+ 1-0

[Event "Open Ricany 2013"]
[Site "Turnaj A"]
[Date "2013.08.28"]
[Round "6.33"]
[White "Cabart, Pavel"]
[Black "Zamorsky, Ladislav"]
[Result "*"]
[WhiteElo "1836"]
[BlackElo "1778"]
[PlyCount "90"]
[EventDate "2013.08.28"]

1. e4 e5 2. Nf3 Nc6 3. d4 exd4 4. Nxd4 Nf6 5. Nxc6 bxc6 6. e5 Qe7 7. Qe2 Nd5 8.
c4 Ba6 9. Qe4 Nb6 10. Nc3 O-O-O 11. b3 g6 12. f4 Bg7 13. Bb2 d5 14. Qf3 dxc4
15. Qxc6 f6 16. Bxc4 Bxc4 17. bxc4 fxe5 18. O-O Qd6 19. Qb5 Qd4+ 20. Kh1 Qxc4
21. Qa5 Kb7 22. Nb5 a6 23. Na3 Qd5 24. Qb4 c5 25. Qe1 Qd2 26. Bxe5 Qxe1 27.
Rfxe1 Bxe5 28. Rxe5 Kc6 29. Kg1 Rd6 30. Rc1 Nd7 31. Re4 Rd8 32. Nc4 Rd4 33.
Rxd4 cxd4 34. Ne5+ Kd5 35. Nxd7 Rxd7 36. Kf2 h5 37. h3 Re7 38. Kf3 Re3+ 39. Kf2
Ke4 40. g3 Rf3+ 41. Kg2 Ra3 42. Rc2 Rc3 43. Rb2 d3 44. Rb8 Rc2+ 45. Kf1 Rxa2 *

[Event "POHÁR mìsta Øíèany 2013"]
[Site "Základní škola u øíèanského l"]
[Date "2013.08.30"]
[Round "8.1"]
[White "Mejzlik, Ondrej"]
[Black "Starek, Stanislav"]
[Result "1-0"]
[WhiteElo "2255"]
[BlackElo "2094"]
[PlyCount "59"]
[EventDate "2013.08.24"]

1. c4 e6 2. Nc3 d5 3. d4 Nf6 4. Nf3 dxc4 5. e3 a6 6. Bxc4 b5 7. Be2 Bb7 8. O-O
Nbd7 9. a3 c5 10. dxc5 Bxc5 11. b4 Ba7 12. Bb2 Rc8 13. Rc1 h5 14. a4 Qe7 15.
Ba3 Ng4 16. axb5 a5 17. b6 Bb8 18. Nb5 axb4 19. Rxc8+ Bxc8 20. Bb2 e5 21. Nc7+
Kf8 22. Nd5 Qd8 23. e4 f5 24. Nxb4 Qxb6 25. Ba3 Ke8 26. Nd5 Qa7 27. Qb3 fxe4
28. Ng5 Rh6 29. Nc7+ Kd8 30. Nge6+ 1-0

[Event "POHÁR mìsta Øíèany 2013"]
[Site "Základní škola u øíèanského l"]
[Date "2013.08.30"]
[Round "8.2"]
[White "Sharashenidze, Akaki"]
[Black "Vykouk, Jan"]
[Result "1-0"]
[WhiteElo "2349"]
[BlackElo "2034"]
[PlyCount "111"]
[EventDate "2013.08.24"]

1. d4 Nf6 2. c4 g6 3. Nc3 Bg7 4. e4 d6 5. h3 O-O 6. Bg5 c5 7. d5 Qa5 8. Qd2 a6
9. Nf3 b5 10. Nd1 Qb6 11. Qc2 e6 12. Nd2 exd5 13. cxd5 h6 14. Be3 Nbd7 15. Be2
Bb7 16. O-O Rfe8 17. a4 Rab8 18. Nc3 b4 19. a5 Qc7 20. Nd1 Re7 21. Bf3 Rbe8 22.
Bf4 Nh7 23. Ne3 Ne5 24. Nec4 Ng5 25. h4 Ngxf3+ 26. gxf3 Qd7 27. Kg2 Kh7 28. Nb6
Qc7 29. Bg3 Bc8 30. Rfe1 h5 31. Ndc4 f6 32. Ne3 Nf7 33. Rad1 Bd7 34. Nxd7 Qxd7
35. Nc4 Ne5 36. Nb6 Qc7 37. f4 Nf7 38. Kf1 Bh8 39. b3 Bg7 40. Qd3 Qb7 41. Qf3
Nh6 42. f5 gxf5 43. Bxd6 Rxe4 44. Qxh5 Bf8 45. Bf4 Rxe1+ 46. Rxe1 Rxe1+ 47.
Kxe1 Qe7+ 48. Qe2 Qg7 49. Bxh6 Qxh6 50. Qd3 Qxh4 51. Qxf5+ Kh6 52. Nc4 Qd4 53.
Ke2 Kg7 54. d6 Qc3 55. d7 Qd4 56. Qe6 1-0

[Event "POHÁR mìsta Øíèany 2013"]
[Site "Základní škola u øíèanského l"]
[Date "2013.08.30"]
[Round "8.3"]
[White "Haman, Jakub"]
[Black "Rydl, Jiri"]
[Result "1/2-1/2"]
[WhiteElo "2170"]
[BlackElo "2090"]
[PlyCount "97"]
[EventDate "2013.08.24"]

1. d4 e6 2. Nf3 Nf6 3. g3 b5 4. Bg2 Bb7 5. O-O c5 6. a4 b4 7. c3 Na6 8. cxb4
Nxb4 9. Nc3 cxd4 10. Nxd4 Bxg2 11. Kxg2 d5 12. a5 Be7 13. Qa4+ Qd7 14. Bg5 Qxa4
15. Rxa4 Rc8 16. a6 Kd7 17. Ncb5 Nc6 18. Be3 Ng4 19. Nxc6 Nxe3+ 20. fxe3 Rxc6
21. Rxf7 Rb6 22. Nd4 g6 23. Ra5 Ke8 24. Rf1 Rf8 25. Rxf8+ Kxf8 26. Kf2 Kf7 27.
b3 e5 28. Nf3 Ke6 29. e4 dxe4 30. Rxe5+ Kf6 31. Rxe4 Rxa6 32. Ne5 Ra3 33. Re3
Ra1 34. Nd3 Bd8 35. Kg2 Bb6 36. Rf3+ Ke7 37. Rf1 Ra2 38. Kf3 Ra5 39. Re1 Rb5
40. b4 Rf5+ 41. Kg2 Rd5 42. h3 Rd6 43. Rc1 Re6 44. Rc2 Kd6 45. Nc5 Re7 46. Nd3
Re6 47. g4 Re7 48. Rd2 Kc6 49. Rc2+ 1/2-1/2

[Event "POHÁR mìsta Øíèany 2013"]
[Site "Základní škola u øíèanského l"]
[Date "2013.08.30"]
[Round "8.4"]
[White "Vokac, Marek"]
[Black "Svatos, Jan"]
[Result "0-1"]
[WhiteElo "2458"]
[BlackElo "2287"]
[PlyCount "72"]
[EventDate "2013.08.24"]

1. d4 Nf6 2. c4 e6 3. Nf3 b6 4. a3 Bb7 5. Nc3 g6 6. d5 exd5 7. cxd5 d6 8. e4
Bg7 9. Bd3 O-O 10. O-O c6 11. Re1 Re8 12. Bg5 h6 13. Bh4 cxd5 14. exd5 Rxe1+
15. Qxe1 Nbd7 16. Rd1 a6 17. Bb1 b5 18. Ne4 Qb6 19. Nxf6+ Nxf6 20. Qd2 Re8 21.
Bxf6 Bxf6 22. h4 Qc5 23. h5 g5 24. Bf5 Qc4 25. b4 Re2 26. Qd3 Qxd3 27. Rxd3 Ra2
28. Nd2 Ra1+ 29. Kh2 Bb2 30. Ne4 Rxa3 31. Rxa3 Bxa3 32. Nxd6 Bxd5 33. Ne4 Kg7
34. Nc5 Bxb4 35. Nxa6 Bd6+ 36. Kg1 Bb7 0-1

[Event "POHÁR mìsta Øíèany 2013"]
[Site "Základní škola u øíèanského l"]
[Date "2013.08.30"]
[Round "8.5"]
[White "Vorisek, Jaroslav"]
[Black "Trepka, Jan"]
[Result "1-0"]
[WhiteElo "2276"]
[BlackElo "2187"]
[PlyCount "51"]
[EventDate "2013.08.24"]

1. d4 Nf6 2. c4 e6 3. g3 d5 4. Bg2 Be7 5. Nf3 O-O 6. O-O b6 7. cxd5 Nxd5 8. e4
Nf6 9. Nc3 Bb7 10. Re1 Bb4 11. Qc2 c5 12. dxc5 Bxc5 13. Bg5 h6 14. Rad1 Qc8 15.
Bxf6 gxf6 16. Qd2 Kg7 17. Ne2 Be7 18. Nf4 Qc5 19. b4 Qxb4 20. Nh5+ Kh7 21.
Nxf6+ Kg7 22. Nh5+ Kh7 23. Qf4 Qc5 24. e5 f5 25. exf6 Qxh5 26. Qc7 1-0

[Event "POHÁR mìsta Øíèany 2013"]
[Site "Základní škola u øíèanského l"]
[Date "2013.08.30"]
[Round "8.6"]
[White "Cermak, Jan"]
[Black "Gregor, Jiri"]
[Result "0-1"]
[WhiteElo "1771"]
[BlackElo "2253"]
[PlyCount "64"]
[EventDate "2013.08.24"]

1. e4 c6 2. d4 d5 3. e5 c5 4. c3 Nc6 5. a3 a5 6. Bb5 e6 7. Nf3 Bd7 8. O-O Nxe5
9. Nxe5 Bxb5 10. Re1 Nf6 11. Bg5 Be7 12. Nd2 cxd4 13. cxd4 O-O 14. Qb3 Ba6 15.
Rac1 h6 16. Bh4 Rc8 17. Rc3 Rxc3 18. bxc3 Qd6 19. Ra1 Rc8 20. h3 a4 21. Qxa4
Rxc3 22. Bxf6 Bxf6 23. Ndf3 g6 24. Qe8+ Qf8 25. Qd7 Qe7 26. Qa4 Bg7 27. Qa5 Qc7
28. Qa4 Qc8 29. Kh2 Bf8 30. Qa5 Bd6 31. Kg1 Kg7 32. Qa4 f6 0-1

[Event "POHÁR mìsta Øíèany 2013"]
[Site "Základní škola u øíèanského l"]
[Date "2013.08.30"]
[Round "8.7"]
[White "Liuba, Volodymyr"]
[Black "Cap, Adam"]
[Result "1-0"]
[WhiteElo "2196"]
[BlackElo "2050"]
[PlyCount "74"]
[EventDate "2013.08.24"]

1. e4 d6 2. d4 Nf6 3. Nc3 g6 4. f4 Bg7 5. Nf3 O-O 6. e5 Nfd7 7. h4 c5 8. h5
cxd4 9. hxg6 hxg6 10. Qxd4 Nc6 11. Qf2 dxe5 12. Qh4 Nf6 13. fxe5 Nh5 14. g4
Nxe5 15. Nxe5 Bxe5 16. gxh5 Qc7 17. Ne4 Bf5 18. hxg6 Bxg6 19. Bd3 Rfd8 20. Bf4
Rd4 21. Bxe5 Qxe5 22. O-O-O Rad8 23. Rdg1 R8d5 24. Rxg6+ fxg6 25. Qh7+ Kf8 26.
Qxg6 Rxe4 27. Bxe4 Rd6 28. Rf1+ Rf6 29. Rxf6+ exf6 30. Qf5 Qd4 31. c3 Qe3+ 32.
Kc2 Qe2+ 33. Kb3 Ke7 34. Qh7+ Kd6 35. Qxb7 a5 36. Qc6+ Ke7 37. Bd5 Qb5+ 1-0

[Event "POHÁR mìsta Øíèany 2013"]
[Site "Základní škola u øíèanského l"]
[Date "2013.08.30"]
[Round "8.8"]
[White "Moravec, Vit"]
[Black "Vybiral, Zdenek"]
[Result "1-0"]
[WhiteElo "2159"]
[BlackElo "2195"]
[PlyCount "29"]
[EventDate "2013.08.24"]

1. e4 c5 2. Nf3 d6 3. d4 cxd4 4. Nxd4 Nf6 5. Nc3 Nc6 6. f4 g6 7. Nxc6 bxc6 8.
e5 dxe5 9. Qxd8+ Kxd8 10. fxe5 Ng4 11. Bf4 Bg7 12. O-O-O+ Ke8 13. Nb5 cxb5 14.
Bxb5+ Bd7 15. Bxd7+ 1-0

[Event "POHÁR mìsta Øíèany 2013"]
[Site "Základní škola u øíèanského l"]
[Date "2013.08.30"]
[Round "8.9"]
[White "Postupa, Martin"]
[Black "Mejzlik, Vojtech"]
[Result "0-1"]
[WhiteElo "2054"]
[BlackElo "2106"]
[PlyCount "74"]
[EventDate "2013.08.24"]

1. e4 c5 2. Nc3 Nc6 3. g3 g6 4. Bg2 Bg7 5. d3 e5 6. Nh3 Nge7 7. O-O O-O 8. f4
d6 9. f5 f6 10. fxg6 hxg6 11. Be3 Be6 12. Qd2 Qd7 13. Nf2 Rf7 14. Nd5 Raf8 15.
Nd1 b5 16. Bh6 Bxd5 17. exd5 Bxh6 18. Qxh6 Nb4 19. Nc3 Nxc2 20. Rac1 Nd4 21.
Bh3 f5 22. Kg2 Rh7 23. Qg5 Rh5 24. Qd2 b4 25. Ne4 Nxd5 26. Rf2 Rxh3 27. Kxh3
fxe4+ 28. Kg2 Rxf2+ 29. Qxf2 e3 30. Qf1 Qf5 31. Re1 e4 32. dxe4 Qxe4+ 33. Kh3
Nf3 34. g4 Nxe1 35. Qxe1 Qf3+ 36. Kh4 Qf2+ 37. Qxf2 exf2 0-1

[Event "POHÁR mìsta Øíèany 2013"]
[Site "Základní škola u øíèanského l"]
[Date "2013.08.30"]
[Round "8.10"]
[White "Skacel, Jan"]
[Black "Skalicky, Tomas"]
[Result "1/2-1/2"]
[WhiteElo "2075"]
[BlackElo "1935"]
[PlyCount "51"]
[EventDate "2013.08.24"]

1. d4 d5 2. c4 c6 3. Nf3 Nf6 4. e3 a6 5. cxd5 cxd5 6. Nc3 Nc6 7. Bd3 e6 8. O-O
Bd6 9. e4 dxe4 10. Nxe4 Nxe4 11. Bxe4 O-O 12. Bxc6 bxc6 13. Qc2 Qc7 14. Be3 Bb7
15. h3 h6 16. Rac1 Rac8 17. Qb3 Rb8 18. Qa4 Ba8 19. b3 a5 20. Qc4 Rb5 21. Nd2
e5 22. dxe5 Bxe5 23. Nf3 Rd8 24. Qg4 Kh8 25. Rcd1 Bf6 26. Bf4 1/2-1/2

[Event "POHÁR mìsta Øíèany 2013"]
[Site "Základní škola u øíèanského l"]
[Date "2013.08.30"]
[Round "8.11"]
[White "Marikova, Jana"]
[Black "Hrdina, Robin"]
[Result "1/2-1/2"]
[WhiteElo "2045"]
[BlackElo "2077"]
[PlyCount "22"]
[EventDate "2013.08.24"]

1. d4 Nf6 2. c4 c5 3. d5 b5 4. cxb5 a6 5. b6 d6 6. Nc3 g6 7. e4 Nbd7 8. Nf3 Bg7
9. a4 Qxb6 10. Nd2 O-O 11. Nc4 Qc7 1/2-1/2

[Event "POHÁR mìsta Øíèany 2013"]
[Site "Základní škola u øíèanského l"]
[Date "2013.08.30"]
[Round "8.12"]
[White "Vanka, Miloslav"]
[Black "Lacza, Tibor"]
[Result "1/2-1/2"]
[WhiteElo "2173"]
[BlackElo "2011"]
[PlyCount "128"]
[EventDate "2013.08.24"]

1. e4 c6 2. d4 d5 3. e5 Bf5 4. c3 e6 5. Be3 Nd7 6. Nd2 c5 7. f4 cxd4 8. Bxd4
Bc5 9. Ngf3 Ne7 10. Nb3 Bxd4 11. Nfxd4 O-O 12. Bd3 Bxd3 13. Qxd3 Rc8 14. O-O
Nc5 15. Nxc5 Rxc5 16. Rae1 Ra5 17. a3 Nc6 18. Rf2 Qb6 19. Nf3 h6 20. Nd4 Nxd4
21. cxd4 Ra4 22. Rd1 Rc4 23. Rfd2 Rfc8 24. f5 exf5 25. Qxf5 Qe6 26. Qxe6 fxe6
27. g3 b5 28. Rd3 Kf7 29. Rf1+ Kg6 30. Rf2 Rc2 31. Rb3 a6 32. h3 R8c4 33. Rxc2
Rxc2 34. a4 bxa4 35. Rb6 Kf5 36. Rxa6 Rxb2 37. Rxa4 Ke4 38. Ra6 Kxd4 39. Rxe6
Re2 40. Rg6 Rxe5 41. Rxg7 Kc3 42. Kf2 d4 43. Rc7+ Kd2 44. Rc6 Rf5+ 45. Kg2 h5
46. g4 hxg4 47. hxg4 Rf8 48. g5 d3 49. g6 Kd1 50. g7 Re8 51. Kf2 Kd2 52. Rc7
Rg8 53. Kf3 Ke1 54. Re7+ Kd1 55. Kf2 Rc8 56. Rf7 Rg8 57. Rd7 Kc2 58. Rc7+ Kd2
59. Rd7 Kc3 60. Rc7+ Kd4 61. Rd7+ Kc4 62. Rc7+ Kd5 63. Rd7+ Ke4 64. Re7+ Kf5
1/2-1/2